[Event "GER-chT U12"]
[Site "Magdeburg"]
[Date "2017.12.30"]
[Round "7.3"]
[White "Roell, Lea"]
[Black "Reichmann, Felix"]
[Result "0-1"]
[WhiteElo "1208"]
[BlackElo "1596"]
[PlyCount "116"]
[EventDate "2017.12.26"]
[EventType "team-swiss"]
[EventRounds "7"]
[EventCountry "GER"]
[SourceTitle "CBM 182 Extra"]
[Source "ChessBase"]
[SourceDate "2018.02.23"]
[SourceVersion "1"]
[SourceVersionDate "2018.02.23"]
[SourceQuality "1"]
[WhiteTeam "Vaterstetten"]
[BlackTeam "Berlin Nord Ost"]
[WhiteTeamCountry "GER"]
[BlackTeamCountry "GER"]

1. d4 g6 2. e3 Bg7 3. Nf3 c5 4. Be2 Nf6 5. Nbd2 0-0 6. 0-0 d5 7. h3 b6 8. b3 Nc6 9. Bb2 Bb7 10. Rb1 Qc7 11. c4 Rfd8 12. Qc1 cxd4 13. exd4 dxc4 14. Nxc4 Nd5 15. Nce5 Rac8 16. Bb5 a6 17. Bxc6 Bxc6 18. Nxc6 Qxc6 19. Qxc6 Rxc6 20. Rfd1 Rc2 21. Rdc1 Rdc8 22. Rxc2 Rxc2 23. Ne1 Rc7 24. Nf3 Bh6 25. Ne5 Nf4 26. Ng4 Bg7 27. Kf1 f5 28. Ne3 b5 29. h4 Nd3 30. Ba1 f4 31. Nd5 Rc2 32. Nxe7+ Kf7 33. Nd5 Rxf2+ 34. Kg1 Rxa2 35. Nc7 Rxa1 36. Rxa1 Bxd4+ 37. Kf1 Bxa1 38. Nxa6 Be5 39. b4 Bd6 40. Ke2 Nxb4 41. Nxb4 Bxb4 42. Kf3 Bd6 43. Ke4 b4 44. Kd3 g5 45. hxg5 Kg6 46. Kd2 Kxg5 47. Kd3 Kg4 48. Kd2 Kg3 49. Kd3 Kxg2 50. Kd2 f3 51. Kd3 f2 52. Kd4 f1Q 53. Kd5 Qd3+ 54. Kc6 b3 55. Kd7 b2 56. Ke6 b1Q 57. Kd7 Qb7+ 58. Ke6 Qe7# 0-1